00748nam a2200253Ia 450000500170000000800410001702000150005804000180007304100080009106000110009910000240011024500650013425000120019926000530021130000180026450400280028265000260031065000240033665000230036065000160038370000400039970000210043976500340046020180312122218.0130821s2007 sp gr spa  a8480199087 aCo-BoUCMbspa00aspa aQT 2611 aPfeiffer, Ronald P.14aLas lesiones deportivascRonald P. Pfeiffer, Brent C. Mangus a2a. ed. aBarcelona (España)bEditorial Paidotriboc2007 a426 páginas aIncluye bibliografía.04aAccidentes deportivos04aLesiones corporales04aMedicina deportiva04aTraumatismo1 aGonzáles del Campo Román, Pedro1 aMangus, Brent C. aConcepts of athletic training